Statistics for X-Men Quizzes 5: Phoenix

Click here to take the quiz!

General Stats

  • This quiz has been taken 27 times
  • The average score is 8 of 11

Answer Stats

HintAnswer% Correct
What is her real name?Jean Grey
100%
Who is her husband?Cyclops / Scott Summers
96%
Who is constantly in love with her, but hates her husband?Wolverine / Logan
92%
What is her mutant ability? (name one)Telekinesis / Telepathy
83%
Who is her eldest son?Cable / Nathan Summers
75%
Who was she portrayed by in 2016?Sophie Turner
71%
Who created the above?Mr Sinister / Nathaniel Essex
63%
What was Phoenix’s original codename?Marvel Girl
58%
What was the above’s codename?Goblin Queen
54%
Who was she portrayed by in 2000?Famke Janssen
46%
Who is her clone?Madelyne Pryor
42%

Score Distribution

Percentile by Number Answered

Percent of People with Each Score

Your Score History

You have not taken this quiz